Нормален изглед
MARC изглед
- Хватцев, Михаил Ефимович
Вход 01. Лично име
001 - Контролен номер на записа
- Контролно поле: 447484
003 - Код на организацията, даваща контролен номер
- Контролно поле: BLK
005 - Дата и час на последна промяна на записа
- Контролно поле: 20210409131429.0
008 - Данни с фиксирана дължина – обща информация
- Данни с фиксирана дължина : 210409|| aca||aabn | a|a d
100 ## - ИМЕ НА ЛИЦЕ -ПЪРВИЧНА ИНТЕЛЕКТУАЛНА ОТГОВОРНОСТ
- Лично име: Хватцев, Михаил Ефимович
942 ## - Системна служебна употреба
- Koha auth type: PERSO_NAME